01458 a2200265 4500003000500000005001700005010001600022020001500038040000900053082001800062100002400080245008700104250001200191260003100203300003600234505051300270650003400783700003100817700002500848856008800873856007400961942001201035999001901047952012601066Nust20221202122454.0 a 87034062 a047181976X cNust00a621.38153,LEE1 aLee, Reuben,94171810aElectronic transformers and circuits /cReuben Lee, Leo Wilson, Charles E. Carter. a3rd ed. aNew York :bWiley,cc1988. axxiii, 408 p. :bill. ;c24 cm. aIntroduction (Page-1), Transformer Construction Material and Ratings (Page-20), Rectifier Transformers and Inductors (Page-56), Rectifier Performance (Page-104), Amplifiers Transformers (Page-131), Amplifiers Circuits (Page-171), Higher Frequency Transformers (Page-205), Saturable Magnetic Circuits (Page-231), High Voltage (Page-263), Pulse and Video Transformers (Page-286), Pulse Circuits (Page-321), Inverter Transformers (Page-337), Inverter Circuits (Page-360), Other Magnetic Devices (Page-380).  0aTelecommunication Engineering1 aCarter, Charles E.91040101 aWilson, Leo.9104011423Publisher descriptionuhttp://www.loc.gov/catdir/description/wiley033/87034062.html423Table of Contentsuhttp://www.loc.gov/catdir/toc/onix03/87034062.html 2ddccBK c182380d182380 00102ddc4070aMCSbMCScGENd2016-12-12o621.38153,LEEpMCS4028r2016-12-08w2016-12-12yBKzAlmirah No.34, Shelf No.2